Zgadnij kraj po opisie flagi. Poziom Łatwy (#1) - Statystyki

Ogólne statystyki
  • Ten quiz został rozwiązany 19 razy
  • Średni wynik to 8 z 10
Statystyki odpowiedzi
Opis flagi Państwo % Poprawnych
Jest to prostokąt o proporcjach 5:8, podzielony na dwa, równe pasy: biały i czerwony. Polska
100%
Jest to biały prostokąt o proporcjach 2:3, na środku umieszczone jest czerwone koło. Japonia
77%
Jest to prostokąt o proporcjach 1:2, podzielony na trzy pionowe pasy - czerwony, biały i czerwony - w stosunku 1:2:1. Na środku flagi umieszczony został czerwony liść klonu z czubkami. Kanada
77%
Jest to prostokąt o proporcjach 3:5, podzielony na trzy równe, poziome pasy: czarny, czerwony i złoty (żółty). Niemcy
77%
Jest to prostokąt o proporcjach 2:3, podzielony na trzy równe, poziome pasy: biały niebieski i czerwony Rosja
77%
Jest to prostokąt o proporcjach 5:8, Na niebieskim tle znajduje się żółty krzyż skandynawski. Szwecja
77%
Jest to prostokąt o proporcjach 2:3, podzielony na trzy pionowe, równe pasy: zielony, biały i czerwony Włochy
77%
Jest to biały prostokąt o proporcjach 2:3. Na środku znajduje się czerwono-niebieski symbol yin-yang, otoczony czterema grupami czarnych pasków. Korea Południowa
69%
Jest to prostokąt o proporcjach 10:19, podzielony na 13 pasów, w kolorach naprzemiennie czerwonym i białym. W kantonie znajduje się 50 białych gwiazd na niebieskim tle. Stany Zjednoczone / USA
69%
Jest to czerwony prostokąt o proporcjach 2:3, z żółtą pięcioramienną gwiazdą pośrodku. Wietnam
69%
Nie znaleziono quizów pasujących do podanych kryteriów
Rozkład punktacji
Procent ludzi z każdym wynikiem
Percentyl według liczby udzielonych odpowiedzi
Twoja historia wyników
Nie rozwiązałeś tego quizu